000 00976nam a22002657a 4500
003 AUA.1
005 20251121091220.0
008 251121b |||||||| |||| 00| 0 eng d
020 _a9791387703028 (vol.1)
020 _a9791387703035 (vol. 2)
040 _cJTL
050 _aLC586.S48
_bI68 2025
245 _aIntegrating faith and learning /
_cShawna Vyhmeister, Safary Wa-Mbaleka, and Prema Gaikwad (editors).
260 _aMadrid, Spain :
_bEditorial Safeliz;
_cc2025.
300 _a 2 volumes (568 & 282 pages) :
_billustrations ;
_c23 cm.
500 _aVolume 1: Fundamentals Volume 2: Applications
650 _aChurch and education
650 _aFaith development
650 _aLearning
_vReligious aspects
_xChristianity
650 _aSeventh-Day Adventists
_xEducation
700 _aVyhmeister, Shawna
_eeditor
700 _aWa-Mbaleka, Safari
_eeditor
700 _aGaikwad, Prema
_eeditor
942 _2lcc
_cBOOK
_hLC 586 .S48
_iI68 2025
999 _c25282
_d25282